Poemas de humildad y de ensueño / (Record no. 129775)

MARC details
000 -LEADER
campo de control de longitud fija 00495nam a2200169 i 4500
001 - NÚMERO DE CONTROL
campo de control 129775
003 - IDENTIFICADOR DE NÚMERO DE CONTROL
campo de control ES-MaACL
005 - FECHA Y HORA DE LA ÚLTIMA TRANSACCIÓN
campo de control 20250920063100.0
007 - CAMPO FIJO DE DESCRIPCIÓN FÍSICA--INFORMACIÓN GENERAL
campo de control de longitud fija t|
008 - DATOS DE LONGITUD FIJA--INFORMACIÓN GENERAL
campo de control de longitud fija 070705s1914 sp ||||1| spa d
100 1# - ENTRADA PRINCIPAL--NOMBRE DE PERSONA
Nombre de persona Zozaya, Antonio,
Fechas asociadas al nombre 1859-1943
9 (RLIN) 118374
245 10 - MENCIÓN DEL TÍTULO
Título Poemas de humildad y de ensueño /
Mención de responsabilidad, etc. Antonio Zozaya.
260 ## - PUBLICACIÓN, DISTRIBUCIÓN, ETC.
Lugar de publicación, distribución, etc. Valladolid :
Nombre del editor, distribuidor, etc. [Est. Tip. de la Viuda de Montero,
Fecha de publicación, distribución, etc. 1914]
300 ## - DESCRIPCIÓN FÍSICA
Extensión 220 p. ;
Dimensiones 18 cm.
852 ## - LOCALIZACIÓN
Ubicación ES-MaACL
Número de control de estantería F-413
Holdings
Estatus retirado Estado de pérdida Estado de daño No para préstamo Biblioteca de origen Biblioteca actual Ubicación en estantería Fecha de adquisición Fuente de adquisición Total de préstamos Signatura topográfica completa Código de barras Visto por última vez Precio de reemplazo Tipo de ítem Koha
        Biblioteca del Ateneo de Madrid Biblioteca del Ateneo de Madrid Depósito 2 17/01/2008     F-413 1135130 23/02/2023 23/02/2023 Libro impreso